[Event "XVII Juros Svente 2020-A"]
[Site "Klaipeda"]
[Date "2020.07.20"]
[Round "1.1"]
[White "Pocius, Vaclovas"]
[Black "Laurusas, Tomas"]
[Result "0-1"]
[WhiteElo "1714"]
[BlackElo "2511"]
[Annotator "TA"]
[PlyCount "68"]
[EventDate "2020.07.20"]
[EventType "tourn"]
[EventCountry "LTU"]
[SourceTitle "playchess.com"]
[Source "ChessBase"]
[SourceQuality "1"]

{[%evp 11,68,1,-1,-12,7,-29,-14,-23,-15,-36,-11,-42,-30,-136,-150,-144,-133,-166,-91,-106,-23,-102,-128,-201,-131,-135,0,-26,-26,-217,-215,-271,-279,-241,-268,-327,-316,-303,-226,-241,-176,-277,-283,-244,-258,-259,-213,-215,-202,-211,-201,-189,-208,-336,-331,-403,-379,-5431,-3497]} 1. d4 Nf6 2. Nc3 d5 3. Bg5 Bf5 4. Bxf6 gxf6 5. e3 e6 6. Bd3 Bg6 7. h4 {D01: Veresov Opening.} a6 {[#]} 8. h5 $146 ({Predecessor:} 8. Nge2 Nd7 9. h5 Bxd3 10. Qxd3 Nb6 11. f3 Bh6 12. b3 Qd6 13. Kf2 Rc8 14. e4 {1-0 (43) Stepanov,N (1896)-Tumanyants,S Samara 2008}) 8... Bxd3 9. Qxd3 {The position is equal.} c5 10. Nf3 Nc6 11. Rd1 f5 12. Ne5 (12. dxc5 $11 {remains equal.} Bxc5 13. O-O) 12... Nxe5 $17 13. dxe5 Rg8 14. Rh2 Bg7 (14... Qa5 $19 15. Kf1 O-O-O) 15. f4 f6 ({Black should try} 15... Bf8 $17 16. Kf2 c4) 16. h6 (16. e4 $11 {keeps the balance.} fxe4 17. Qh3) 16... Bh8 17. Qe2 (17. exf6 $17 Bxf6 18. Kf1) 17... fxe5 18. Qh5+ Rg6 (18... Ke7 $17 19. e4 Qe8 20. exf5 Qxh5 21. Rxh5 Rxg2 22. fxe6 Rg1+ 23. Ke2 Rxd1 24. Nxd1 Kxe6 25. f5+ Ke7) 19. e4 d4 20. Kf1 $2 {[#] Now White is beyond hope.} (20. g4 $11 {and White is okay.} Kf8 21. exf5 exf5 22. Qxf5+ Kg8 23. fxe5) 20... Qf6 $19 ({Worse is} 20... exf4 21. exf5 exf5 22. Re1+ Kf8 23. Qxf5+ Qf6 24. Qxc5+ Qd6 25. Qxd6+ Rxd6 26. Ne4 $11) 21. exf5 Qxf5 22. Qxf5 exf5 23. Nd5 {[#] Nc7+ is the strong threat.} Rd8 24. c4 dxc3 25. bxc3 c4 {Threatens to win with ...Rgd6.} 26. Nc7+ (26. fxe5 $142 Bxe5 27. Rh3) 26... Ke7 27. Rxd8 Kxd8 {[%mdl 4096] Endgame KRB-KRN} 28. Nd5 exf4 29. Rh5 Kd7 {Hoping for ...Be5.} 30. Nxf4 Rd6 31. Ne2 Ke6 32. Rh4 (32. a4 {is a better defense.}) 32... b5 33. a4 Bf6 34. Nd4+ $2 (34. Rf4) 34... Rxd4 {Accuracy: White = 27%, Black = 59%.} 0-1

[Event "XVII Juros Svente 2020-A"]
[Site "Klaipeda"]
[Date "2020.07.20"]
[Round "1.2"]
[White "Juksta, Karolis"]
[Black "Bazilius, Augustinas"]
[Result "1-0"]
[WhiteElo "2366"]
[BlackElo "1632"]
[Annotator "RC"]
[PlyCount "68"]
[EventDate "2020.07.20"]
[EventType "tourn"]
[EventCountry "LTU"]
[SourceTitle "playchess.com"]
[Source "ChessBase"]
[SourceQuality "1"]
[TimeControl "40/5400+30:1800+30"]

1. d4 {[%emt 0:00:00]} Nf6 {[%emt 0:00:00]} 2. c4 {[%emt 0:00:00]} c5 {[%emt 0:00:00]} 3. d5 {[%emt 0:00:00]} b5 {[%emt 0:00:00]} 4. cxb5 {[%emt 0:00:00]} a6 {[%emt 0:00:00]} 5. e3 {[%emt 0:00:47]} g6 {[%emt 0:00:12]} 6. Nc3 {[%emt 0:00:48]} d6 {[%emt 0:00:02]} 7. e4 {[%emt 0:03:21]} Bg7 {[%emt 0:00:16]} 8. Nf3 {[%emt 0:01:23]} O-O {[%emt 0:00:19]} 9. a4 {[%emt 0:02:13]} axb5 {[%emt 0:00:25]} 10. Bxb5 {[%emt 0:00:13]} Ba6 {[%emt 0:00:25]} 11. Bf4 {[%emt 0:06:42]} Qa5 {[%emt 0:00:32]} 12. O-O {[%emt 0:01:07]} Nbd7 {[%emt 0:01:36]} 13. Re1 {[%emt 0:04:02]} Qb4 {[%emt 0:02:47]} 14. Bd2 {[%emt 0:03:33]} Qa5 {[%emt 0:06:03]} 15. h3 {[%emt 0:10:56]} Qc7 {[%emt 0:09:04]} 16. Bc6 {[%emt 0:05:30]} Bb7 {[%emt 0:01:43]} 17. Nb5 {[%emt 0:00:35]} Qc8 {[%emt 0:00:11]} 18. Bxb7 {[%emt 0:02:09]} Qxb7 {[%emt 0:00:06]} 19. Bc3 {[%emt 0:01:46]} Nb6 {[%emt 0:03:11]} 20. b3 {[%emt 0:09:13]} Qd7 {[%emt 0:04:05]} 21. Nd2 {[%emt 0:03:11]} Rfc8 {[%emt 0:01:40]} 22. Nc4 {[%emt 0:02:10]} Ra6 {[%emt 0:02:12]} 23. Qd3 {[%emt 0:02:50]} Nxc4 {[%emt 0:00:51]} 24. Qxc4 {[%emt 0:07:50]} Qb7 {[%emt 0:03:31]} 25. Bxf6 {[%emt 0:01:29]} exf6 {[%emt 0:02:46]} 26. Ra2 {[%emt 0:03:15]} Qd7 {[%emt 0:00:34]} 27. Nd4 {[%emt 0:02:30]} Rb6 {[%emt 0:03:09]} 28. Nc6 {[%emt 0:00:09]} Rcxc6 {[%emt 0:03:37]} 29. dxc6 {[%emt 0:00:07]} Qxc6 {[%emt 0:00:07]} 30. a5 {[%emt 0:02:41]} Rb4 {[%emt 0:01:07]} 31. a6 {[%emt 0:03:21]} Rxc4 {[%emt 0:02:00]} 32. bxc4 {[%emt 0:00:36]} Bf8 {[%emt 0:02:19]} 33. a7 {[%emt 0:00:16]} Qa8 {[%emt 0:00:07]} 34. Rb1 {[%emt 0:00:24]} Qxe4 {[%emt 0:00:02]} 1-0

[Event "XVII Juros Svente 2020-A"]
[Site "Klaipeda"]
[Date "2020.07.20"]
[Round "1.3"]
[White "Stremavicius, Pijus"]
[Black "Tolmacevs, Artjoms"]
[Result "1-0"]
[WhiteElo "2163"]
[BlackElo "1610"]
[Annotator "TA"]
[PlyCount "115"]
[EventDate "2020.07.20"]
[EventType "tourn"]
[EventCountry "LTU"]
[SourceTitle "playchess.com"]
[Source "ChessBase"]
[SourceQuality "1"]

{[%evp 9,115,51,58,55,49,43,69,68,67,39,78,56,54,59,68,10,10,5,8,-17,13,0,1,-2,-12,-8,-10,-43,-29,-26,20,18,25,-32,16,0,22,18,31,-43,-47,-77,0,-34,-17,-22,31,0,0,0,0,0,24,31,37,29,27,27,26,14,14,6,14,9,35,29,26,25,35,0,9,5,8,3,8,0,0,12,0,0,18,0,18,0,18,19,58,65,177,0,0,-197,0,0,22,15,185,178,172,175,170,158,29989,29990,29990,29991,29993,29993]} 1. Nf3 Nf6 2. c4 c6 3. g3 Qc7 4. d4 d5 5. Bg2 e6 6. O-O {A15: English Opening: 1...Nf6.} Be7 {[#]} 7. Bf4 $146 ({Predecessor:} 7. Qc2 O-O 8. Nbd2 Re8 9. e4 Rf8 10. e5 Ne8 11. Re1 Nd7 12. h4 c5 13. cxd5 exd5 {1-0 (23) Montes Gutierrez,I (2084)-Corripio Rodriguez,S Aviles 2007}) 7... Qb6 8. Qc2 {White is slightly better.} O-O 9. Nc3 Nbd7 10. c5 Qd8 11. b4 b6 12. Ne5 (12. Rfb1 $14) 12... Nxe5 $11 13. Bxe5 ({Reject} 13. dxe5 Nd7 $17) 13... a5 14. a3 Ba6 15. Rfd1 Bc4 16. Rab1 axb4 17. axb4 b5 18. Rb2 Nd7 19. Bf4 Bf6 20. e4 Re8 21. e5 (21. Rbb1 $11) 21... Be7 22. Re1 Ra3 23. Be3 f5 24. exf6 (24. h4 $14) 24... Bxf6 $15 25. f4 {[#]} Nf8 (25... Nxc5 $1 $17 {[%mdl 512]} 26. bxc5 Qa5) 26. Bf2 Qa8 27. Rbb1 Ba2 ({Black should try} 27... Qb7 $11) 28. Rbc1 Bc4 29. Qd2 Rb3 30. Ra1 Ra3 31. Qb2 Ra6 32. Rxa6 Qxa6 33. Ra1 Qb7 34. Ra3 (34. Nd1 {seems wilder.} Ra8 35. Ne3 Bd3 36. Bf3 Ra4 37. Bd1) 34... Ra8 35. Nb1 {[%cal Bc3b1,Bb1d2,Bd2b3,Bb3a5][%mdl 32]} Rxa3 36. Qxa3 Be2 37. Nd2 Bh5 38. h3 Bf7 39. Nb3 g5 40. fxg5 Bxg5 41. h4 Bf6 42. Na5 Qc7 43. Qf3 $36 {[%mdl 2048] White fights for an advantage.} Bg7 44. Be3 h5 45. Kh2 e5 46. dxe5 Bxe5 47. Bh3 Ng6 {next ...Nxh4 is good for Black.} 48. Bg5 d4 (48... Kg7 $14) 49. Bf5 $2 ({Don't blunder} 49. Qxc6 $2 Bxg3+ 50. Kg1 Qe5 $19) (49. Nxc6 $18 {aiming for Nd8.} Bxg3+ 50. Qxg3 Qxc6 51. Qd6) 49... Bd5 $11 50. Qf2 $2 (50. Qxh5 $11 {and White is okay.} Bxg3+ 51. Kh3 Nf4+ 52. Bxf4 Bxf4 53. Qg4+ Kf7 54. Qh5+ Kg8 55. Qg4+ Kf8 56. Be6 Bxe6 57. Qxe6) 50... Kg7 $2 ({Better is} 50... Qf7 $19 {...d3! is the strong threat.} 51. Qc2 Bc7) 51. Bd3 Qb8 52. Qf5 Bxg3+ $2 (52... Qe8 $11) 53. Kh3 $18 {White wants to mate with Bh6+!} Nf4+ 54. Kxg3 {Threatening mate with Bh6+!} Nxd3+ 55. Kh3 {And now Bf6+ would win.} Ne1 $2 {[#]} (55... Qe8 $16 56. Qxd3 Qe5) 56. Bf6+ {[%mdl 64] Double Attack, Discovered Attack. White mates.} Kf8 57. Be5+ Ke7 58. Qf6+ {Accuracy: White = 79%, Black = 66%.} 1-0

[Event "XVII Juros Svente 2020-A"]
[Site "Klaipeda"]
[Date "2020.07.20"]
[Round "1.4"]
[White "Milovs, Daniels"]
[Black "Vardanyan, Aras"]
[Result "0-1"]
[WhiteElo "1555"]
[BlackElo "2178"]
[Annotator "TA"]
[PlyCount "54"]
[EventDate "2020.07.20"]
[EventType "tourn"]
[EventCountry "LTU"]
[SourceTitle "playchess.com"]
[Source "ChessBase"]
[SourceQuality "1"]

{[%evp 10,54,0,0,34,35,43,36,38,45,29,16,43,14,20,0,5,2,0,-9,-14,-12,27,-56,-42,-39,-76,-48,-24,-9,-14,-113,-106,-99,-104,-139,-141,-141,-142,-240,-218,-218,-152,-518,-422,-1035,-1024]} 1. e4 c5 2. Be2 g6 3. f4 Bg7 4. c3 Nc6 5. Nf3 Nf6 6. d3 c4 {B21: Sicilian: 2 f4 and Morra Gambit.} 7. e5 cxd3 $1 {[#]} 8. Bxd3 $146 ({Predecessor:} 8. Qxd3 Ng4 9. O-O d6 10. exd6 Qb6+ 11. Kh1 Bf5 12. Qb5 Qxb5 13. Bxb5 exd6 14. h3 {1-0 (57) Luft,D (2322)-Melde,B (2108) Dortmund 2018}) 8... Ng4 {White is slightly better.} 9. h3 Nh6 10. O-O O-O 11. Be3 d6 {[%cal Rd6e5]} 12. exd6 Qxd6 13. Na3 Rd8 14. Bc2 Qc7 15. Qe2 Bf5 (15... Nf5 $5 {[%cal Rf5g3]}) 16. Rad1 (16. g4 $11 Bxc2 17. Nxc2 (17. Qxc2 Rd5 $14)) 16... Bxc2 $1 $15 17. Nxc2 Nf5 $36 {[%mdl 2048] Keeping White busy.} 18. Qf2 e5 19. fxe5 Nxe5 {White must now prevent ...Nd3.} 20. Bf4 (20. Rxd8+ $11 {keeps the balance.} Rxd8 21. Bf4) 20... Nxf3+ 21. Qxf3 Qb6+ {[%mdl 64] [#] Double Attack} 22. Ne3 Rxd1 ({But not} 22... Qxb2 $6 23. Nxf5 gxf5 24. Kh2 $11) 23. Rxd1 Re8 {[%cal Rf5e3]} ({Weaker is} 23... Qxb2 24. Nxf5 gxf5 25. Kh2 $11) 24. Re1 (24. Kh1 $17 {was worth a try.} Nxe3 25. Re1) 24... Qxb2 25. Re2 Qb5 {Threatens to win with ...Qd3.} ({Stronger than} 25... Qxc3 26. Nxf5 Qc5+ 27. Ne3 $16) 26. c4 $2 (26. Rf2 $17 {is tougher.}) 26... Qc5 {[#] And now ...Nd4 would win.} 27. Kh2 (27. Qd5 $142 Qb6 28. Qd7) 27... Nd4 $1 {[%csl LRe2,LRf3][%mdl 64] Double Attack. Accuracy: White = 40%, Black = 83%.} 0-1

[Event "XVII Juros Svente 2020-A"]
[Site "Klaipeda"]
[Date "2020.07.20"]
[Round "1.5"]
[White "Butvilas, Aistis"]
[Black "Barsciauskas, Gintautas"]
[Result "1-0"]
[WhiteElo "2103"]
[BlackElo "1575"]
[Annotator "TA"]
[PlyCount "93"]
[EventDate "2020.07.20"]
[EventType "tourn"]
[EventCountry "LTU"]
[SourceTitle "playchess.com"]
[Source "ChessBase"]
[SourceQuality "1"]

{[%evp 19,92,21,28,25,43,27,42,35,50,38,63,64,115,109,158,118,151,129,131,121,193,189,182,175,169,173,165,164,186,139,193,119,255,160,140,97,178,36,100,105,171,168,225,210,220,202,29985,0,266,6,484,460,424,353,488,108,104,108,128,122,106,114,104,97,100,104,133,140,136,133,196,160,231,164,29999]} 1. d4 Nf6 2. c4 e6 3. Nc3 d5 4. cxd5 exd5 5. Bg5 Bb4 6. e3 c6 7. Bd3 Nbd7 8. Nge2 O-O 9. Qc2 h6 10. Bh4 Re8 11. O-O {D35: Queen's Gambit Declined: Exchange Variation.} Be7 12. f3 {[#]} Nf8 $146 ({Predecessor:} 12... b5 13. Rad1 Bb7 14. Bf2 Rc8 15. Bf5 c5 16. dxc5 Bxc5 17. Nxb5 Ba6 18. Nec3 Bxb5 19. Nxb5 Bxe3 {½-½ (36) Harvey,D (2301)-Babic,D (2478) ICCF email 2017}) 13. Kh1 {White is slightly better.} Nh5 14. Bf2 g6 15. e4 dxe4 (15... Be6 $14) 16. fxe4 $16 (16. Nxe4 Kg7 $11) (16. Bxe4 $6 Be6 $11) 16... Bh4 17. Bg1 Ng7 18. b4 {[%cal Bb2b4,Bb4b5][%mdl 32]} Bg5 19. a4 b6 (19... a6 $16) 20. b5 $18 Bd7 21. e5 Rc8 22. bxc6 Bxc6 23. Qb3 Re7 24. Ng3 Nge6 (24... Bh4 $16 {was called for.}) 25. d5 ({White should play} 25. Ba6 $18) 25... Nf4 (25... Ba8 $16) 26. Be4 Be8 27. Be3 Nh5 (27... Qc7 $16) 28. Bf2 (28. Nxh5 $18 gxh5 29. Bxg5 hxg5 30. Rae1 Rxe5 31. Bh7+ $1 {[%mdl 576] Discovered Attack} Nxh7 32. Rxe5) 28... Ng7 (28... Bf4 $1 $14) 29. Nb5 $16 Bxb5 (29... Bf4 $16 {was necessary.}) 30. axb5 $18 {Strongly threatening d6.} Bf4 (30... Rxe5 $142 31. Rxa7 Ne8) 31. d6 Rxe5 32. Bd4 Bxg3 $2 (32... Qxd6 $18 33. Rxf4 (33. Rxa7 Nfe6 $16) (33. Bxe5 Qxe5 34. Rxa7 Nfe6 $16) 33... Qxd4 34. Qxf7+ {[%mdl 64] Double Attack} Kh8) 33. hxg3 $2 (33. Qxf7+ {mates} Kh8 34. Rxa7 Nge6 35. hxg3 Qxd6 36. Qf6+ {[%mdl 64] Double Attack} Kg8 37. Bxe5 Qxe5 38. Qxe5) 33... Rh5+ $1 $11 34. Kg1 Nfe6 $4 {[%mdl 8192]} (34... Nge6 $11 {and Black stays safe.}) 35. Bxg7 $18 Qxd6 36. Bf6 Nc5 37. Qf3 $2 (37. Qc3 $18 {is more deadly.} Qf8 38. Rac1) 37... Nxe4 $16 38. Qxe4 Qxg3 39. Rf3 $40 {[%mdl 128] Black is in trouble.} (39. Rxa7 $2 Qh2+ 40. Kf2 Rf5+ 41. Ke2 Qh5+ 42. Ke1 Rxf6 $1 $19 {[%mdl 512]}) 39... Qh2+ 40. Kf2 Rhc5 {aiming for ...Rc2+.} 41. Re1 {Qe8+! would kill now.} Rc2+ 42. Re2 Rxe2+ ({Worse is} 42... Rc1 {[#]} 43. Qe8+ $1 {[%mdl 512]} Rxe8 44. Rxe8+ Kh7 45. Rh8#) 43. Qxe2 {Hoping for Rg3!} Qd6 44. Qd3 Qe6 (44... Qc5+ $16 {is a better defense.} 45. Kg3 Qc7+ 46. Kh3 Qc4) 45. Bc3 {Black must now prevent Qd4.} Qg4 {[#]} (45... Qc4 $16 46. Qd7 h5) 46. Qd5 $1 {[%csl Gf3][%cal Rd5f7]} Re8 $2 (46... Qc4 $18 47. Qd7 Qc7) 47. Qxf7# {Accuracy: White = 63%, Black = 31%.} 1-0

[Event "XVII Juros Svente 2020-A"]
[Site "Klaipeda"]
[Date "2020.07.20"]
[Round "1.6"]
[White "Piksrys, Rutenis"]
[Black "Salna, Aleksandras"]
[Result "0-1"]
[WhiteElo "1532"]
[BlackElo "2063"]
[Annotator "TA"]
[PlyCount "62"]
[EventDate "2020.07.20"]
[EventType "tourn"]
[EventCountry "LTU"]
[SourceTitle "playchess.com"]
[Source "ChessBase"]
[SourceQuality "1"]

{[%evp 9,62,0,4,2,10,9,7,-2,36,0,-3,-44,15,-11,25,-77,-60,-66,-60,-95,-86,-88,-74,-93,-89,-81,-79,-93,-91,-98,-95,-119,-121,-160,-164,-160,-157,-151,-152,-250,-247,-272,-259,-408,-314,-29984,-29985,-29989,-29990,-29992,-29993,-29995,-29996,-29996,-667]} 1. b3 d5 2. Bb2 Bg4 3. h3 Bh5 4. g3 Nd7 5. Bg2 Ngf6 6. Nf3 {A01: Nimzowitsch-Larsen Opening.} e6 7. d3 Bd6 8. Nbd2 {The position is equal.} e5 9. O-O O-O 10. Re1 {[#]} a5 $146 (10... e4 $15 11. dxe4 dxe4) ({Predecessor:} 10... c6 11. c4 Rc8 12. Qc2 h6 13. a3 a5 14. Rac1 Rc7 15. Bc3 Bxa3 16. Ra1 Bb4 17. Bxe5 Nxe5 18. Nxe5 {1-0 (48) Babic,M (1867)-Darmaeva,N (1362) Minsk 2019}) 11. c4 d4 12. e4 (12. e3 $11 {remains equal.}) 12... Nc5 13. Nf1 Nfd7 14. g4 {White is now going downhill.} Bg6 15. Ng3 f6 (15... Ne6 {is more complex.} 16. a3 f6 17. Nf5 Be7 18. Qc2 Be8) 16. Nf5 Bf7 17. Nxd6 cxd6 18. Bc1 Ne6 19. h4 g5 20. Nh2 Nf4 ({Much weaker is} 20... gxh4 $6 21. Nf3 $11) 21. Nf1 {[#]} Nc5 $1 {[%cal Rc5d3]} 22. Bxf4 gxf4 23. Nh2 Kh8 24. Nf3 (24. h5 $17) 24... Rg8 $19 25. Bh3 Be6 26. Kh2 (26. Nh2 $142) 26... Bxg4 27. Nxe5 $2 (27. Bxg4 $19 Rxg4 28. Rg1) 27... fxe5 {Black mates.} 28. Bxg4 Qxh4+ {[%mdl 64] Double Attack} 29. Bh3 {[#]} Rg3 $1 {[%mdl 512]} 30. fxg3 Qxg3+ {[%mdl 64] Double Attack} 31. Kh1 Qxh3+ {Accuracy: White = 42%, Black = 82%.} 0-1

[Event "XVII Juros Svente 2020-A"]
[Site "Klaipeda"]
[Date "2020.07.20"]
[Round "1.7"]
[White "Pidluznij, Gleb"]
[Black "Januseviciute, Donata"]
[Result "0-1"]
[WhiteElo "2042"]
[BlackElo "1520"]
[Annotator "TA"]
[PlyCount "124"]
[EventDate "2020.07.20"]
[EventType "tourn"]
[EventCountry "LTU"]
[SourceTitle "playchess.com"]
[Source "ChessBase"]
[SourceQuality "1"]

{[%evp 9,124,8,12,0,14,15,25,5,18,29,107,77,72,66,78,63,68,49,54,47,57,43,52,42,52,52,111,100,105,83,84,81,77,70,68,18,29,0,0,0,0,0,0,-39,-35,-53,-52,-138,-133,-139,-133,-149,-144,-159,-141,-334,-327,-363,-351,-438,-148,-144,0,-426,-106,-96,0,-166,-196,-196,-161,-186,-154,-507,-17,-69,-69,-227,-227,-297,-87,-576,-582,-560,-520,-844,-717,-804,-804,-893,-879,-800,-748,-12842,-12843,-12843,-12843,-12844,-12844,-12845,-12843,-12845,-12845,-12845,-12846,-12846,-12846,-12846,-12847,-12847,-12847,-27996,-27996,-27997,-27997,-27998,-27998]} 1. d4 d5 2. Bf4 Nf6 3. e3 Bg4 4. Nf3 e6 5. Be2 c5 6. c3 {D02: 1 d4 d5 2 Nf3 sidelines, including 2...Nf6 3 g3 and 2...Nf6 3 Bf4.} Nbd7 7. Nbd2 Be7 8. O-O {White has an edge.} Nh5 9. Be5 {[#]} Nxe5 $146 (9... Nhf6 $11) ({Predecessor:} 9... O-O 10. h3 Bxf3 11. Nxf3 Nhf6 12. Bh2 Qb6 13. Qb3 c4 14. Qc2 Qc6 15. Ne5 Nxe5 16. Bxe5 {½-½ (74) Melnichuk,M-Myrza,S Kiev 2002}) 10. Nxe5 {[#] Strongly threatening Qa4+.} Bxe2 11. Qxe2 Nf6 12. Qb5+ Nd7 13. Qxb7 (13. e4 {is interesting.} cxd4 14. cxd4 a6 15. Qxb7 Nxe5 16. dxe5 O-O 17. b3) 13... Nxe5 $1 14. dxe5 O-O 15. Qb3 Qc7 16. Nf3 Rab8 17. Qc2 f6 (17... c4 $14) 18. exf6 $16 Bxf6 19. Rab1 Qa5 20. a3 Qb5 21. Rfd1 Qb3 22. Qxb3 (22. Qe2 {is more complex.} Qb5 23. c4 Qb3 24. cxd5 exd5 25. e4) 22... Rxb3 23. e4 (23. Nd2 $5 {[%cal Rd2b3]} Rb6 24. b4 $14) 23... Rfb8 24. exd5 exd5 25. Rxd5 Rxc3 26. Ne5 Rxb2 27. Rbd1 {White wants to mate with Rd8+!} h6 28. Ng4 ({White should play} 28. Re1 $1 $15) 28... Bd4 $1 $17 ({Reject} 28... Rxa3 $6 29. Nxf6+ gxf6 30. Rxc5 $11) 29. h4 Rxa3 30. Re1 Rb8 31. Kh2 a5 32. f4 $2 (32. Re7 $17) 32... Rab3 33. Re7 R3b7 34. Re6 Rb6 $2 (34... Ra8 $19 {White must now prevent ...a4.} 35. Red6 a4 36. Rd8+ Rxd8 37. Rxd8+ Kf7) 35. Re7 R6b7 $2 {[%mdl 8192]} (35... Rg6 $17 36. Ne5 Bxe5 37. Rdxe5 Rb2) 36. Re6 $1 $19 Kf7 $2 (36... Ra8 $19 {is more deadly. ...a4 is the strong threat.} 37. Rdd6 a4) 37. Ra6 $17 Rb5 (37... Rc7 $17 38. Rxa5 Ke6) 38. f5 $2 (38. Rd7+ $1 $11 Kg8 39. Raa7) 38... h5 $19 39. Ne5+ Bxe5+ $1 40. Rxe5 {[%mdl 4096] Endgame KRR-KRR} c4 41. Ra7+ $2 {[#]} (41. Ree6 $17) 41... Kf6 $2 (41... R8b7 $1 $19 {[%cal Rb7a7]} 42. Rxb7+ Rxb7) 42. Ree7 (42. Re6+ $1 $11 Kxf5 43. Rc6) 42... Kxf5 $15 {And now ...Rc8 would win.} 43. Rxg7 $2 {Black continues to play with concentration.} ({White should try} 43. Rec7 $15) 43... Ke4 $19 44. Rac7 Kd3 $2 (44... Kd4 $19 {has better winning chances. Hoping for ...Rf8.} 45. Rgf7 Rb4 46. Rf4+ Kc3 47. Rf3+ Kb2 48. Rf2+ Kc3 49. Rf3+ Kb2 50. Rf2+ Ka3 51. Rf3+ Rb3) 45. Rgd7+ $2 {[%mdl 8192]} (45. Rg3+ $17 {was the crucial defense.} Kd4 46. Rf3) 45... Kc3 46. Rf7 Rd5 47. Rf3+ (47. g4 $142 Rd2+ 48. Kg3 Rd3+ 49. Kf4 Rd4+ 50. Kf3) 47... Rd3 48. Rf1 Rb4 49. Rc1+ Kb3 50. Rb1+ Ka2 51. Rxb4 axb4 52. Rxc4 {KR-KR} b3 53. Ra4+ Kb1 54. Ra5 Kc2 55. Rxh5 b2 56. Rb5 Rb3 57. Rc5+ Kd3 58. Rd5+ Ke4 59. Rd1 b1=Q 60. Rxb1 Rxb1 {Black mates.} 61. Kg3 Kf5 62. Kf3 Rb3+ {Accuracy: White = 52%, Black = 71%.} 0-1

[Event "XVII Juros Svente 2020-A"]
[Site "Klaipeda"]
[Date "2020.07.20"]
[Round "1.8"]
[White "Luksas, Jonas"]
[Black "Jablokov, Dmitrij"]
[Result "0-1"]
[WhiteElo "1519"]
[BlackElo "1962"]
[Annotator "TA"]
[PlyCount "72"]
[EventDate "2020.07.20"]
[EventType "tourn"]
[EventCountry "LTU"]
[SourceTitle "playchess.com"]
[Source "ChessBase"]
[SourceQuality "1"]

{[%evp 17,72,-4,0,-16,-13,-17,27,-37,0,-15,-14,-26,-20,-47,-33,-25,-3,-61,-62,-143,-131,-196,-222,-218,-69,-51,0,0,0,0,0,0,0,0,0,-14,-14,-10,-10,-14,-12,-122,-116,-115,-114,-402,-400,-368,-351,-357,-338,-320,-232,-237,-187,-6590,-6287]} 1. d4 Nf6 2. Nf3 g6 3. c4 Bg7 4. Nc3 d5 5. e3 O-O 6. Be2 c5 7. dxc5 Qa5 8. O-O dxc4 9. Bxc4 {9.Qd4 is more advanced technology.} Qxc5 10. Be2 {D94: Grünfeld: 4 Nf3 Bg7 5 e3.} Nc6 11. Qa4 Bf5 12. a3 (12. e4 $11 Bg4 13. Be3) 12... a6 {[#]} 13. Bd2 $146 ({Predecessor:} 13. e4 b5 14. Qc2 Bxe4 15. Bd3 Bxf3 16. gxf3 Nd4 17. Qd1 Qh5 18. Kg2 Rad8 19. Be3 Nf5 20. Qe2 Rxd3 21. Qxd3 Nh4+ 22. Kg3 Qxf3+ {0-1 (22) Calinoiu,C (1653)-David,A (2379) Calimanesti Caciulata 2017}) 13... Rfd8 14. b4 Qd6 $36 {[%mdl 2048] Black has some pressure.} 15. Rfd1 b5 16. Qb3 e5 17. Rac1 (17. Ng5 $11 Qe7 18. a4) 17... e4 $1 $15 {[%cal Re4f3]} 18. Ng5 ({White should play} 18. Be1 $15 Qe7 19. Nd4 Nxd4 20. Rxd4) 18... Ne5 $17 19. f4 (19. Be1 $17 {was called for.} Qe7 20. Qb1) 19... exf3 $1 $19 20. Bxf3 {[#]} Nxf3+ (20... Bh6 $1 $19 {[%cal Rh6g5]} 21. e4 Nfg4 22. Bxg4 Qd4+ 23. Kf1 Bxg4) 21. gxf3 $15 Be6 (21... Qf8 $15 22. e4 Bd7) 22. Nxe6 $11 Qxe6 23. Qxe6 fxe6 24. Be1 Rac8 25. Rxd8+ Rxd8 26. Rd1 Rxd1 27. Nxd1 {[%mdl 4096] Endgame KBN-KBN} Nd5 28. Kf2 Nb6 29. Bc3 (29. Bd2 $11 {remains equal.}) 29... Nc4 $17 30. Bxg7 Kxg7 {KN-KN} 31. a4 $2 {[%mdl 8192] [#] Loses the game.} (31. Ke2 $17) 31... bxa4 $19 {[%cal Bb5a4,Ba4a3,Ba3a2][%mdl 32]} 32. Nc3 Nb6 33. Ke2 Kf6 34. Kd3 a3 35. Kc2 Nc4 36. Nd1 $2 (36. Kb3 Nxe3 37. Ne4+ Kf5 38. Nc5) 36... a2 {Accuracy: White = 51%, Black = 68%.} 0-1